Geografía urbana de Ciudad Real (Record no. 5726)

MARC details
000 -LEADER
campo de control de longitud fija 00719nam a2200241 i 4500
001 - NÚMERO DE CONTROL
campo de control 5726
003 - IDENTIFICADOR DE NÚMERO DE CONTROL
campo de control ES-MaACL
005 - FECHA Y HORA DE LA ÚLTIMA TRANSACCIÓN
campo de control 20230906144655.0
007 - CAMPO FIJO DE DESCRIPCIÓN FÍSICA--INFORMACIÓN GENERAL
campo de control de longitud fija t|
008 - DATOS DE LONGITUD FIJA--INFORMACIÓN GENERAL
campo de control de longitud fija 890516s1984 sp ||||1| spa d
020 ## - NÚMERO INTERNACIONAL ESTÁNDAR DEL LIBRO
Número Internacional Estándar del Libro 84-7339-712-6
080 ## - NÚMERO DE LA CLASIFICACIÓN DECIMAL UNIVERSAL
Número de la Clasificación Decimal Universal 91(464.315)
100 1# - ENTRADA PRINCIPAL--NOMBRE DE PERSONA
Nombre de persona Pillet, Felix.
9 (RLIN) 92032
245 10 - MENCIÓN DEL TÍTULO
Título Geografía urbana de Ciudad Real
Resto del título : (1255-1980) /
Mención de responsabilidad, etc. Félix Pillet.
260 ## - PUBLICACIÓN, DISTRIBUCIÓN, ETC.
Lugar de publicación, distribución, etc. Madrid :
Nombre del editor, distribuidor, etc. Akal,
Fecha de publicación, distribución, etc. D.L. 1984.
300 ## - DESCRIPCIÓN FÍSICA
Extensión 648 p. :
Otras características físicas il. ;
Dimensiones 22 cm.
490 1# - MENCIÓN DE SERIE
Mención de serie Akal universitaria ;
Designación de volumen o secuencia 84
500 ## - NOTA GENERAL
Nota general Bibliografia.
651 #4 - PUNTO DE ACCESO ADICIONAL DE MATERIA--NOMBRE GEOGRÁFICO
Nombre geográfico Ciudad Real-
Subdivisión general Geografía urbana.
9 (RLIN) 8067
830 0# - PUNTO DE ACCESO ADICIONAL DE SERIE-TÍTULO UNIFORME
Título uniforme Akal universitaria ;
Designación de volumen o secuencia 84
9 (RLIN) 177901
852 ## - LOCALIZACIÓN
Ubicación ES-MaACL
Número de control de estantería L-12716
Sublocalización o colección R.115646
Nota libre . - rust.
Holdings
Estatus retirado Estado de pérdida Estado de daño No para préstamo Biblioteca de origen Biblioteca actual Ubicación en estantería Fecha de adquisición Fuente de adquisición Total de préstamos Signatura topográfica completa Código de barras Visto por última vez Precio de reemplazo Tipo de ítem Koha
        Biblioteca del Ateneo de Madrid Biblioteca del Ateneo de Madrid Depósito 2 17/01/2008     L-12716 1005808 23/02/2023 23/02/2023 Libro impreso